000 00692nam a2200205Ii 4500
003 JO-AjNU
008 230605s9999||||xx |||||||||||||| ||und||
040 _aJO-AjNU
_bara
_erda
_cJO-AjNU
041 _aara
050 1 4 _aTX911.3.M27.T3438 2013
100 3 _aالطائي، حميد عبد النبي,
_eauthor
_951231
245 0 0 _aالأسس العلمية في إدارة المنشآت الفندقية
250 _aط1
264 3 1 _aعمان: دار زهران للنشر والتوزيع، 2013
300 _a211ص
336 _atext
_btxt
_2rdacontent
337 _aunmediated
_bn
_2rdamedia
338 _avolume
_bnc
_2rdacarrier
650 4 _aالفنادق - ادارة
_951232
999 _aA22616
_c26184
_d26184